| 000 | 01264nam a2200241Ia 4500 | ||
|---|---|---|---|
| 999 |
_c4234 _d4234 |
||
| 003 | OSt | ||
| 005 | 20200430110624.0 | ||
| 008 | 191128s2010 ck a gr 000 0 spa d | ||
| 020 | _a9789587310252 | ||
| 040 |
_aCO-JMCR _cCO-JMCR |
||
| 041 | 0 | _aspa | |
| 082 | 0 | 4 |
_a324.9861 / _bI121c _223 |
| 100 | 1 |
_aIbáñez Parra, Óscar, _eautor _93758 |
|
| 245 | 1 | 0 |
_aCódigo electoral Colombiano : _bcomentado y concordado / _cÓscar Ibáñez Parra |
| 250 | _aPrimera edición | ||
| 260 |
_aBogotá : _bUniversidad Sergio Arboleda, _c2010 |
||
| 300 |
_a548 páginas : _bilustraciones a blanco y negro ; _c24 cm. |
||
| 505 | 0 | _aDecreto 2241 de julio 15 de 1986 -- Leyes vigentes del régimen electoral Colombiano -- Resoluciones y decretos citados en el código -- Normas generales -- Organización electoral -- Cedulación -- Censos electorales, inscripción de cédulas | |
| 520 | _aTodo sistema electoral se basa en la participación popular y en el respeto por el Estado de Derecho. Cuando uno de los elementos que lo conforman se cohesionan armónica y espontáneamente, libres de violencia, manipulación o malas prácticas. | ||
| 650 | 1 | 4 |
_aElecciones _xlegislación _zColombia _93759 |
| 650 | 1 | 4 |
_aReformas constitucionales _zColombia _93760 |
| 942 |
_2ddc _cBK |
||